| 000 | 00506nam a2200193 a 4500 | ||
|---|---|---|---|
| 001 | 1769939802152 | ||
| 003 | YourLibrary | ||
| 005 | 20260201163728.0 | ||
| 008 | 260201s2006##################000#0#eng## | ||
| 020 | _a9780754645733 | ||
| 082 | 0 | 4 |
_a305 _bMIT |
| 100 | 1 |
_aMitnick, Eric J., _eauthor. |
|
| 245 | 1 | 0 | _aRights, Groups, and Self-invention : |
| 260 |
_bAshgate Publishing, Ltd., _c2006. |
||
| 300 | _a240 pages | ||
| 650 | 0 | _aLaw. | |
| 942 | _cENGLISH | ||
| 040 |
_aYourLibrary _beng _cYourLibrary |
||
| 999 |
_c609737 _d609737 |
||